| Поле | Название | Значение |
| |
Тип записи |
a |
| |
Библиографический уровень |
m |
| 001 |
Контрольный номер |
RU/IS/BASE/485434607 |
| 005 |
Дата корректировки |
20251209094436.7 |
| 010 |
Индекс ISBN |
__ |
| 9 |
Тираж |
40000 экз. |
| 013 |
Номер (ISMN) |
__ |
| d |
Цена |
1 р. 55 к. |
| 071 |
Издательские номер (звукозапись и ноты) |
21 |
| a |
Номер, присвоенный агентством |
7168 |
| 100 |
Данные общей обработки |
__ |
| a |
Данные общей обработки |
20150520d1972 c y0rusy0189||||ca |
| 101 |
Язык документа |
0_ |
| a |
Язык текста |
rus |
| f |
Язык титульного листа |
rus |
| 102 |
Страна публикации |
__ |
| a |
Страна публикации |
RU |
| 105 |
Кодированные данные (монография) |
__ |
| a |
Кодированные данные (монография) |
y###||||000|y |
| 125 |
Кодированные данные звукозаписи и нотных изданий |
__ |
| a |
Форма изложения нотного текста |
с| |
| 128 |
Кодированные данные (звукозаписи-физические характеристики) |
__ |
| a |
Кодированные данные: Музыкальная форма и тональность или лад |
chs |
| b |
Инструменты или голоса, необходимые для ансамблей (устаревшее) |
cd|| |
| c |
Инструменты или голоса, рекомендуемые для солистов (устаревшее) |
ka|| |
| 200 |
Заглавие и сведения об ответственности |
1_ |
| a |
Заглавие |
Вып. 1 |
| 210 |
Выходные данные |
__ |
| d |
Дата издания |
1972 |
| 215 |
Физическое описание |
__ |
| a |
Объем |
184 с. |
| 327 |
Примечание о содержании |
01 |
| a |
Примечание о содержании |
Содерж. : Шульгин Л. Портрет Ильича / сл. М. Ивенсен. - Дремлюга Н. Песня о школе / сл. Т. Масенко. - Парцхаладзе М. Здравствуй, школа / сл. Л. Некрасовой. - Попатенко Т. Урок ; Каждый по-своему маму поздравит / сл. М. Ивенсен. - Раухвергер М. Октябрята / сл. О. Высотской ; Это - октябрята! / сл. Ю. Ермолаева и В. Коркина. - Левина З. Что нам осень принесет? / сл. Л. Некрасовой ; Неваляшки / сл. З. Петровой. - Красев М. Осень / сл. М. Ивенсен. - Карасев А. Лягушка. - Васильев-Буглай Д. Осенняя песенка / сл. А. Плещеева. - На зеленом лугу ; А я по лугу : рус. нар. песни. - Во поле береза стояла : рус. нар. песня / обраб. Н. Римского-Корсакова. - Не летай, соловей : рус. нар. песня / обраб. А. Егорова. - Андрей-воробей : рус. нар. прибаутка / обраб. Е. Тиличеевой. - Петушок ; Андрей-воробей : рус. нар. прибаутки / обраб. А. Гречанинова. - Веселые гуси : укр. нар. песня / обраб. М. Красева ; сл. М. Клоковой. - Веснянка : укр. нар. песня / обраб. Г. Лобачева. - Савка и Гришка ; Сел комарик на дубочек : белорус. нар. песни. - Ай-я, жу-жу : латыш. нар. песня. - Весна : нем. нар. песня. - Пение птиц : пол. нар. песня. - Островский А. Азбука ; Все мы любим Ленина ; В зоопарке / сл. З. Петровой ; Парад на Красной площади / сл. Л. Некрасовой. - Филиппенко А. Праздничная / сл. Г. Демченко ; Новогодняя / сл. Г. Бойко ; Гуси ; Веселый музыкант / сл. Т. Волгиной. - Старокадомский М. Что за дерево такое? / сл. Л. Некрасовой. - Иванников В. Самая хорошая (О маме) / сл. О. Фадеевой. - Чичков Ю. Здравствуй, Родина моя / сл. К. Ибряева ; Спасибо / сл. Е. Карасева. - Пахмутова А. Про нашу Советскую Родину / сл. М. Ивенсен. - Кабалевский Д. Первое мая / сл. О. Высотской. - Калинников В. Тень-тень / сл. народные. - Бутанский С. Песенка дождя / обраб. Т. Попатенко ; сл. И. Стоянова ; пер. Н. Найденовой. 2 КЛАСС : Иорданский М. Песенка про звездочку / сл. З. Александровой. - Попатенко Т. Вот он, праздник Октября! ; Скворушка прощается / сл. М. Ивенсен. - Тиличеева Е. Звездочка / сл. О. Высотской. - Чичков Ю. Осень / сл. И. Мазнина. - Островский А. Новогодняя хороводная / сл. Ю. Леднева. - Левина З. Белочки / сл. Л. Некрасовой ; Митя / сл. Э. Мошковской. - Ходила младешенька по борочку : рус. нар. песня / обраб. Н. Римского-Корсакова. - Карлуша : бельг. нар. песня. - Гумпердинг Э. Стоит стар человечек / обраб. М. Иорданского. - Книппер Л. Почему медведь зимой спит / сл. А. Коваленкова. - Попатенко Т. Котенок и щенок / сл. В. Викторова. - Раухвергер М. Ёлка ; Красные маки / сл. О. Высотской. - Как на тоненький ледок ; На горе-то калина ; Во поле береза стояла ; Пойду ль я выйду ль я ; Блины ; Перед весной : рус. нар. песни. - Свищет вьюга : болг. дет. песня. - Гусята : нем. песня. - Кукушка : эст. дет. песня : канон. - Раз, два, три, четыре, пять : чеш. нар. песня. - Про котят : англ. нар. песня. - Добрый мельник ; Птичий ужин : литов. нар. песни. - Охотничья шуточная : пол. нар. песня. - Пастушка : фр. нар. песня. - Бугославский С. Песня о пограничнике / сл. О. Высотской. - Старокадомский М. Воздушная песня / сл. Е. Долматовского. - Парцхаладзе М. Мамина песенка / сл. М. Пляцковского. - Лядов А. Колыбельная / сл. народные. - Потоловский Н. Метель / сл. Н. Новикова. - Калинников В. Киска / сл. народные. - Заимов Х. Песня о Ленине : башк. дет. песня / сл. Л. Некрасовой. - Бирнов Л. Ленин и весна / сл. В. Викторова. - Красев М. Звезды Кремля ; Ландыш / сл. Н. Френкель ; Октябрьская песенка / сл. Н. Саконской ; Счастливый день / сл. М. Ивенсен ; Первомайская песня. - Павленко В. Капельки / сл. Э. Богдановой. - Бойко Р. Октябрятская походная / сл. О. Бедарева. - Римский-Корсаков Н. Проводы зимы / сл. И. Устюжанина. - Брамс И. Петрушка. 3 КЛАСС : Кабалевский Д. Наш край / сл. А. Пришельца ; Звездочка / сл. В. Викторова ; Пионерское звено / сл. О. Высотской ; Про Петю : пионер. частушки / сл. Н. Галь. - Попатенко Т. Октябренок - Ленина внук / сл. Ю. Ермолаева и В. Коркина ; Знакомый дом / сл. В. Викторова. - Иорданский М. Песенка про чибиса / сл. А. Пришельца. - Сеяли девушки яровой хмель ; Земелюшка-чернозем : рус. нар. песни / обраб. А. Лядова. - У меня ль во садочке : рус. нар. песня / обраб. Н. Римского-Корсакова. - Как пошли наши подружки ; Как у наших у ворот ; Посею лебеду на берегу : рус. нар. песни. - Журавель : укр. нар. песня. - Кадэ Руссель ; Кораблик и юнга ; Пастушья песня : фр. нар. песни. - Моя мама : кубин. нар. песня. - Вот волынки заиграли : чеш. нар. песня. - На заре : пол. нар. песня. - Прогулка с отцом : индонез. нар. песня. - Кукушка : швейц. нар. песня. - Чайковский П. Осень / сл. А. Плещеева ; Детская песенка / сл. К. Аксакова. - Гольденберг Н. Ёлочка / сл. З. Александровой. - Спадавеккиа А. Добрый жук : песенка-танец из кф. "Золушка" / сл. Е. Шварца. - Соловьев-Седой В. Стой, кто идет? / сл. С. Погореловского. - Бах И. С. За рекою старый дом / рус. текст Д. Тонского. - Дешкин С. Марш юных пионеров / сл. А. Жарова. - Раухвергер М. Зимний праздник / сл. Н. Саконской ; В лодке / сл. О. Высотской. - Красев М. Летний вальс / сл. Н. Саконской. - Гурьев Ю. Маме / сл. Г. Бехлер ; рус. текст Н. Найденовой. - Львов-Компанеец Д. Нас недаром зовут пионерами / сл. З. Петровой. |
| 461 |
Уровень набора |
_0 |
| 1 |
|
001RU/IS/BASE/485434245 |
| 1 |
|
200 |
| a |
|
Пение в школе |
| b |
|
[Ноты] |
| e |
|
пособие для учителя |
| e |
|
пение в сопровожд. фп. |
| f |
|
сост. Т. Бейдер и Л. Левандовская |
| v |
|
Вып. 1 |
| 1 |
|
210 |
| a |
|
М. |
| c |
|
Музыка |
| d |
|
1972 - |
| 464 |
Аналитический уровень |
_0 |
| 1 |
|
2001 |
| a |
|
Портрет Ильича |
| e |
|
Утром в наше окно... |
| 1 |
|
700 1 |
| a |
|
Шульгин |
| b |
|
Л. |
| 1 |
|
702 1 |
| a |
|
Ивенсен |
| b |
|
М. |
| 4 |
|
520 |
| 464 |
Аналитический уровень |
_0 |
| 1 |
|
2001 |
| a |
|
Песня о школе |
| e |
|
В школу рано мы идем... |
| 1 |
|
700 1 |
| a |
|
Дремлюга |
| b |
|
Н. |
| 1 |
|
702 1 |
| a |
|
Масенко |
| b |
|
Т. |
| 4 |
|
520 |
| 464 |
Аналитический уровень |
_0 |
| 1 |
|
2001 |
| a |
|
Здравствуй, школа |
| e |
|
Мы дошкольниками были... |
| 1 |
|
700 1 |
| a |
|
Парцхаладзе |
| b |
|
М. |
| 1 |
|
702 1 |
| a |
|
Некрасова |
| b |
|
Л. |
| 4 |
|
520 |
| 464 |
Аналитический уровень |
_0 |
| 1 |
|
2001 |
| a |
|
Урок |
| e |
|
С букварем уселись куклы... |
| e |
|
шуточная игровая песня |
| 1 |
|
700 1 |
| a |
|
Попатенко |
| b |
|
Т. |
| 1 |
|
702 1 |
| a |
|
Ивенсен |
| b |
|
М. |
| 4 |
|
520 |
| 464 |
Аналитический уровень |
_0 |
| 1 |
|
2001 |
| a |
|
Октябрята |
| e |
|
Мы - веселые ребята... |
| 1 |
|
700 1 |
| a |
|
Раухвергер |
| b |
|
М. |
| 1 |
|
702 1 |
| a |
|
Высотская |
| b |
|
О. |
| 4 |
|
520 |
| 464 |
Аналитический уровень |
_0 |
| 1 |
|
2001 |
| a |
|
Что нам осень принесет? |
| e |
|
Что нам осень принесет?.. |
| 1 |
|
700 1 |
| a |
|
Левина |
| b |
|
З. |
| 1 |
|
702 1 |
| a |
|
Некрасова |
| b |
|
Л. |
| 4 |
|
520 |
| 464 |
Аналитический уровень |
_0 |
| 1 |
|
2001 |
| a |
|
Осень |
| e |
|
Падают, падают листья... |
| 1 |
|
700 1 |
| a |
|
Красев |
| b |
|
М. |
| 1 |
|
702 1 |
| a |
|
Ивенсен |
| b |
|
М. |
| 4 |
|
520 |
| 464 |
Аналитический уровень |
_0 |
| 1 |
|
2001 |
| a |
|
Лягушка |
| e |
|
Вот лягушка по дорожке... |
| 1 |
|
700 1 |
| a |
|
Карасев |
| b |
|
А. |
| 1 |
|
702 1 |
| a |
|
Карасев |
| b |
|
А. |
| 4 |
|
520 |
| 464 |
Аналитический уровень |
_0 |
| 1 |
|
2001 |
| a |
|
Осенняя песенка |
| e |
|
Миновало лето... |
| 1 |
|
700 1 |
| a |
|
Васильев-Буглай |
| b |
|
Д. |
| 1 |
|
702 1 |
| a |
|
Плещеев |
| b |
|
А. |
| 4 |
|
520 |
| 464 |
Аналитический уровень |
_0 |
| 1 |
|
2001 |
| a |
|
На зеленом лугу |
| e |
|
На зеленом лугу, их-вох! |
| e |
|
рус. нар. песня |
| 464 |
Аналитический уровень |
_0 |
| 1 |
|
2001 |
| a |
|
Во поле береза стояла |
| e |
|
Во поле береза стояла... |
| e |
|
рус. нар. песня |
| 1 |
|
702 1 |
| a |
|
Римский-Корсаков |
| b |
|
Н. |
| 4 |
|
030 |
| 464 |
Аналитический уровень |
_0 |
| 1 |
|
2001 |
| a |
|
Не летай, соловей |
| e |
|
Не летай, соловей, у окошечка... |
| e |
|
рус. нар. песня |
| 1 |
|
702 1 |
| a |
|
Егоров |
| b |
|
А. |
| 4 |
|
030 |
| 464 |
Аналитический уровень |
_0 |
| 1 |
|
2001 |
| a |
|
Андрей-воробей |
| e |
|
Андрей-воробей, не гоняй голубей... |
| e |
|
рус. нар. прибаутка |
| 1 |
|
702 1 |
| a |
|
Тиличеева |
| b |
|
А. |
| 4 |
|
030 |
| 464 |
Аналитический уровень |
_0 |
| 1 |
|
2001 |
| a |
|
Андрей-воробей |
| e |
|
Андрей-воробей, не гоняй голубей... |
| e |
|
рус. нар. прибаутка |
| 1 |
|
702 1 |
| a |
|
Гречанинов |
| b |
|
А. |
| 4 |
|
030 |
| 464 |
Аналитический уровень |
_0 |
| 1 |
|
2001 |
| a |
|
Веселые гуси |
| e |
|
Жили у бабуси... |
| e |
|
укр. нар. песня |
| 1 |
|
702 1 |
| a |
|
Красев |
| b |
|
М. |
| 4 |
|
030 |
| 1 |
|
702 1 |
| a |
|
Клокова |
| b |
|
М. |
| 4 |
|
520 |
| 464 |
Аналитический уровень |
_0 |
| 1 |
|
2001 |
| a |
|
Веснянка |
| e |
|
Стало ясно солнышко припекать, припекать... |
| e |
|
укр. нар. песня |
| 1 |
|
702 1 |
| a |
|
Лобачев |
| b |
|
Г. |
| 4 |
|
030 |
| 464 |
Аналитический уровень |
_0 |
| 1 |
|
2001 |
| a |
|
Савка и Гришка |
| e |
|
Савка и Гришка сделали дуду... |
| e |
|
белорус. нар. песня |
| 464 |
Аналитический уровень |
_0 |
| 1 |
|
2001 |
| a |
|
Ай-я, жу-жу |
| e |
|
Ай-я, жу-жу, медвежонок, ай-я, жу-жу... |
| e |
|
латыш. нар. песня |
| 464 |
Аналитический уровень |
_0 |
| 1 |
|
2001 |
| a |
|
Весна |
| e |
|
Вот весна, весна к нам пришла!.. |
| e |
|
нем. нар. песня |
| 464 |
Аналитический уровень |
_0 |
| 1 |
|
2001 |
| a |
|
Пение птиц |
| e |
|
Лишь заря на дворе... |
| e |
|
пол. нар. песня |
| 464 |
Аналитический уровень |
_0 |
| 1 |
|
2001 |
| a |
|
Азбука |
| e |
|
Если хочешь много знать... |
| 1 |
|
700 1 |
| a |
|
Островский |
| b |
|
А. |
| 1 |
|
702 1 |
| a |
|
Петрова |
| b |
|
З. |
| 4 |
|
520 |
| 464 |
Аналитический уровень |
_0 |
| 1 |
|
2001 |
| a |
|
Праздничная |
| e |
|
Эй, ребята, эй ребята, встанем в ряд... |
| 1 |
|
700 1 |
| a |
|
Филиппенко |
| b |
|
А. |
| 1 |
|
702 1 |
| a |
|
Демченко |
| b |
|
Г. |
| 4 |
|
520 |
| 464 |
Аналитический уровень |
_0 |
| 1 |
|
2001 |
| a |
|
Что за дерево такое? |
| e |
|
Что за дерево такое... |
| 1 |
|
700 1 |
| a |
|
Старокадомский |
| b |
|
М. |
| 1 |
|
702 1 |
| a |
|
Некрасова |
| b |
|
Л. |
| 4 |
|
520 |
| 464 |
Аналитический уровень |
_0 |
| 1 |
|
2001 |
| a |
|
Самая хорошая |
| a |
|
О маме |
| e |
|
Нас, качая в колыбели... |
| 1 |
|
700 1 |
| a |
|
Иванников |
| b |
|
В. |
| 1 |
|
702 1 |
| a |
|
Фадеева |
| b |
|
О. |
| 4 |
|
520 |
| 464 |
Аналитический уровень |
_0 |
| 1 |
|
2001 |
| a |
|
Здравствуй, Родина моя! |
| e |
|
Утром солнышко встает... |
| 1 |
|
700 1 |
| a |
|
Чичков |
| b |
|
Ю. |
| 1 |
|
702 1 |
| a |
|
Ибряев |
| b |
|
К. |
| 4 |
|
520 |
| 464 |
Аналитический уровень |
_0 |
| 1 |
|
2001 |
| a |
|
Про нашу Советскую Родину |
| e |
|
Про нашу Советскую Родину... |
| 1 |
|
700 1 |
| a |
|
Пахмутова |
| b |
|
А. |
| 1 |
|
702 1 |
| a |
|
Ивенсен |
| b |
|
М. |
| 4 |
|
520 |
| 464 |
Аналитический уровень |
_0 |
| 1 |
|
2001 |
| a |
|
Первое мая |
| e |
|
Солнце светит в небе синем... |
| 1 |
|
700 1 |
| a |
|
Кабалевский |
| b |
|
Д. |
| 1 |
|
702 1 |
| a |
|
Высотская |
| b |
|
О. |
| 4 |
|
520 |
| 464 |
Аналитический уровень |
_0 |
| 1 |
|
2001 |
| a |
|
Тень-тень |
| e |
|
Тень-тень, потетень |
| 1 |
|
700 1 |
| a |
|
Калинников |
| b |
|
В. |
| 1 |
|
702 1 |
| a |
|
Слова народные |
| 464 |
Аналитический уровень |
_0 |
| 1 |
|
2001 |
| a |
|
Песенка дождя |
| e |
|
Тихо, тихо дождь осенний... |
| 1 |
|
700 1 |
| a |
|
Бутанский |
| b |
|
С. |
| 1 |
|
702 1 |
| a |
|
Попатенко |
| b |
|
Т. |
| 1 |
|
702 1 |
| a |
|
Стоянов |
| b |
|
И. |
| 4 |
|
520 |
| 1 |
|
702 1 |
| a |
|
Найденова |
| b |
|
Н. |
| 4 |
|
730 |
| 464 |
Аналитический уровень |
_0 |
| 1 |
|
2001 |
| a |
|
Каждый по-своему маму поздравит |
| e |
|
Каждый по-своему... |
| 1 |
|
700 1 |
| a |
|
Попатенко |
| b |
|
Т. |
| 1 |
|
702 1 |
| a |
|
Ивенсен |
| b |
|
М. |
| 4 |
|
520 |
| 464 |
Аналитический уровень |
_0 |
| 1 |
|
2001 |
| a |
|
Это - октябрята! |
| e |
|
У кого в порядке... |
| 1 |
|
700 1 |
| a |
|
Раухвергер |
| b |
|
М. |
| 1 |
|
702 1 |
| a |
|
Ермолаев |
| b |
|
Ю. |
| 4 |
|
520 |
| 1 |
|
702 1 |
| a |
|
Коркин |
| b |
|
В. |
| 4 |
|
520 |
| 464 |
Аналитический уровень |
_0 |
| 1 |
|
2001 |
| a |
|
Неваляшки |
| e |
|
Дин-дон, ди-ли-дон... |
| 1 |
|
700 1 |
| a |
|
Левина |
| b |
|
З. |
| 1 |
|
702 1 |
| a |
|
Петрова |
| b |
|
З. |
| 4 |
|
520 |
| 464 |
Аналитический уровень |
_0 |
| 1 |
|
2001 |
| a |
|
А я по лугу |
| e |
|
А я по лугу... |
| e |
|
рус. нар. песня |
| 464 |
Аналитический уровень |
_0 |
| 1 |
|
2001 |
| a |
|
Петушок |
| e |
|
Петушок, петушок, золотой гребешок... |
| e |
|
рус. нар. прибаутка |
| 1 |
|
702 1 |
| a |
|
Гречанинов |
| b |
|
А. |
| 4 |
|
030 |
| 464 |
Аналитический уровень |
_0 |
| 1 |
|
2001 |
| a |
|
Сел комарик на дубочек |
| e |
|
Сел комарик на дубочек... |
| e |
|
белорус. нар. песня |
| 464 |
Аналитический уровень |
_0 |
| 1 |
|
2001 |
| a |
|
Все мы любим Ленина |
| e |
|
Буквами большими... |
| 1 |
|
700 1 |
| a |
|
Островский |
| b |
|
А. |
| 1 |
|
702 1 |
| a |
|
Петрова |
| b |
|
З. |
| 4 |
|
520 |
| 464 |
Аналитический уровень |
_0 |
| 1 |
|
2001 |
| a |
|
В зоопарке |
| e |
|
День сегодня очень жаркий... |
| 1 |
|
700 1 |
| a |
|
Островский |
| b |
|
А. |
| 1 |
|
702 1 |
| a |
|
Петрова |
| b |
|
З. |
| 4 |
|
520 |
| 464 |
Аналитический уровень |
_0 |
| 1 |
|
2001 |
| a |
|
Парад на Красной площади |
| e |
|
Рано, рано утром... |
| 1 |
|
700 1 |
| a |
|
Островский |
| b |
|
А. |
| 1 |
|
702 1 |
| a |
|
Некрасова |
| b |
|
Л. |
| 4 |
|
520 |
| 464 |
Аналитический уровень |
_0 |
| 1 |
|
2001 |
| a |
|
Новогодняя |
| e |
|
С Новым годом всех мы поздравляем... |
| 1 |
|
700 1 |
| a |
|
Филиппенко |
| b |
|
А. |
| 1 |
|
702 1 |
| a |
|
Бойко |
| b |
|
Г. |
| 4 |
|
520 |
| 464 |
Аналитический уровень |
_0 |
| 1 |
|
2001 |
| a |
|
Гуси |
| e |
|
Гуси прилетели... |
| 1 |
|
700 1 |
| a |
|
Филиппенко |
| b |
|
А. |
| 1 |
|
702 1 |
| a |
|
Волгина |
| b |
|
Т. |
| 4 |
|
520 |
| 464 |
Аналитический уровень |
_0 |
| 1 |
|
2001 |
| a |
|
Веселый музыкант |
| e |
|
Я на скрипочке играю... |
| 1 |
|
700 1 |
| a |
|
Филиппенко |
| b |
|
А. |
| 1 |
|
702 1 |
| a |
|
Волгина |
| b |
|
Т. |
| 4 |
|
520 |
| 464 |
Аналитический уровень |
_0 |
| 1 |
|
2001 |
| a |
|
Спасибо! |
| e |
|
За то, что есть березка... |
| 1 |
|
700 1 |
| a |
|
Чичков |
| b |
|
Ю. |
| 1 |
|
702 1 |
| a |
|
Карасев |
| b |
|
Е. |
| 4 |
|
520 |
| 464 |
Аналитический уровень |
_0 |
| 1 |
|
2001 |
| a |
|
Березка |
| e |
|
У красы березки... |
| 1 |
|
700 1 |
| a |
|
Тиличеева |
| b |
|
Е. |
| 1 |
|
7021 |
| a |
|
Абрамов |
| b |
|
А. |
| 4 |
|
520 |
| 464 |
Аналитический уровень |
_0 |
| 1 |
|
2001 |
| a |
|
Песенка про звездочку |
| e |
|
Много в классе школьников... |
| 1 |
|
700 1 |
| a |
|
Иорданский |
| b |
|
М. |
| 1 |
|
7021 |
| a |
|
Александрова |
| b |
|
З. |
| 4 |
|
520 |
| 464 |
Аналитический уровень |
_0 |
| 1 |
|
2001 |
| a |
|
Вот он, праздник Октября! |
| e |
|
Ждали, ждали мы не зря... |
| 1 |
|
700 1 |
| a |
|
Попатенко |
| b |
|
Т. |
| 1 |
|
7021 |
| a |
|
Ивенсен |
| b |
|
М. |
| 4 |
|
520 |
| 464 |
Аналитический уровень |
_0 |
| 1 |
|
2001 |
| a |
|
Скворушка прощается |
| e |
|
Осень-непогодушка... |
| 1 |
|
700 1 |
| a |
|
Попатенко |
| b |
|
Т. |
| 1 |
|
7021 |
| a |
|
Ивенсен |
| b |
|
М. |
| 4 |
|
520 |
| 464 |
Аналитический уровень |
_0 |
| 1 |
|
2001 |
| a |
|
Осень |
| e |
|
Наступила осень... |
| 1 |
|
700 1 |
| a |
|
Чичков |
| b |
|
Ю. |
| 1 |
|
702 1 |
| a |
|
Мазнин |
| b |
|
Ю. |
| 4 |
|
520 |
| 464 |
Аналитический уровень |
_0 |
| 1 |
|
2001 |
| a |
|
Новогодняя хороводная |
| e |
|
Хоровод, хоровод... |
| 1 |
|
700 1 |
| a |
|
Островский |
| b |
|
А. |
| 1 |
|
702 1 |
| a |
|
Леднев |
| b |
|
Ю. |
| 4 |
|
520 |
| 464 |
Аналитический уровень |
_0 |
| 1 |
|
2001 |
| a |
|
Белочки |
| e |
|
Листики падают... |
| 1 |
|
700 1 |
| a |
|
Левина |
| b |
|
З. |
| 1 |
|
702 1 |
| a |
|
Некрасова |
| b |
|
Л. |
| 4 |
|
520 |
| 464 |
Аналитический уровень |
_0 |
| 1 |
|
2001 |
| a |
|
Митя |
| e |
|
Это кто там печально идет... |
| 1 |
|
700 1 |
| a |
|
Левина |
| b |
|
З. |
| 1 |
|
702 1 |
| a |
|
Мошковская |
| b |
|
Э. |
| 4 |
|
520 |
| 464 |
Аналитический уровень |
_0 |
| 1 |
|
2001 |
| a |
|
Ходила младешенька по борочку |
| e |
|
Ходила младешенька по борочку... |
| e |
|
рус. нар. песня |
| 1 |
|
700 1 |
| a |
|
Левина |
| b |
|
З. |
| 1 |
|
702 1 |
| a |
|
Римский-Корсаков |
| b |
|
Н. |
| 4 |
|
030 |
| 464 |
Аналитический уровень |
_0 |
| 1 |
|
2001 |
| a |
|
Карлуша |
| e |
|
Глупый Карлуша, - неряшка он... |
| e |
|
бельг. нар. песня |
| 464 |
Аналитический уровень |
_0 |
| 1 |
|
2001 |
| a |
|
Стоит стар человечек |
| e |
|
Стоит стар человечек в лесу глухом... |
| 1 |
|
700 1 |
| a |
|
Гумпердинг |
| b |
|
Э. |
| 1 |
|
702 1 |
| a |
|
Иорданский |
| b |
|
М. |
| 4 |
|
030 |
| 464 |
Аналитический уровень |
_0 |
| 1 |
|
2001 |
| a |
|
Почему медведь зимой спит |
| e |
|
Раз морозною зимой... |
| 1 |
|
700 1 |
| a |
|
Книппер |
| b |
|
Л. |
| 1 |
|
702 1 |
| a |
|
Коваленков |
| a |
|
А. |
| 4 |
|
520 |
| 464 |
Аналитический уровень |
_0 |
| 1 |
|
2001 |
| a |
|
Котенок и щенок |
| e |
|
В одной квартире жили... |
| 1 |
|
700 1 |
| a |
|
Попатенко |
| b |
|
Т. |
| 1 |
|
702 1 |
| a |
|
Викторов |
| b |
|
В. |
| 4 |
|
520 |
| 464 |
Аналитический уровень |
_0 |
| 1 |
|
2001 |
| a |
|
Ёлка |
| e |
|
Соберемся вместе мы... |
| 1 |
|
700 1 |
| a |
|
Раухвергер |
| b |
|
М. |
| 1 |
|
702 1 |
| a |
|
Высотская |
| b |
|
О. |
| 4 |
|
520 |
| 464 |
Аналитический уровень |
_0 |
| 1 |
|
2001 |
| a |
|
Красные маки |
| e |
|
Вот какие маки... |
| 1 |
|
700 1 |
| a |
|
Раухвергер |
| b |
|
М. |
| 1 |
|
702 1 |
| a |
|
Высотская |
| b |
|
О. |
| 4 |
|
520 |
| 464 |
Аналитический уровень |
_0 |
| 1 |
|
2001 |
| a |
|
Как на тоненький ледок |
| e |
|
Как на тоненький ледок... |
| e |
|
рус. нар. песня |
| 464 |
Аналитический уровень |
_0 |
| 1 |
|
2001 |
| a |
|
На горе-то калина |
| e |
|
На горе-то калина... |
| e |
|
рус. нар. песня |
| 464 |
Аналитический уровень |
_0 |
| 1 |
|
2001 |
| a |
|
Во поле береза стояла |
| e |
|
Во поле береза стояла... |
| e |
|
рус. нар. песня |
| 464 |
Аналитический уровень |
_0 |
| 1 |
|
2001 |
| a |
|
Пойду ль я выйду ль я |
| e |
|
Пойду ль я выйду ль я... |
| e |
|
рус. нар. песня |
| 464 |
Аналитический уровень |
_0 |
| 1 |
|
2001 |
| a |
|
Блины |
| e |
|
Мы давно блинов не ели... |
| e |
|
рус. нар. песня |
| 464 |
Аналитический уровень |
_0 |
| 1 |
|
2001 |
| a |
|
Перед весной |
| e |
|
Вот уж зимушка проходит... |
| e |
|
рус. нар. песня |
| 464 |
Аналитический уровень |
_0 |
| 1 |
|
2001 |
| a |
|
Свищет вьюга |
| e |
|
Снег такой глубокий выпал... |
| e |
|
болг. дет. песня |
| 1 |
|
702 1 |
| a |
|
Парцхаладзе |
| b |
|
М. |
| 4 |
|
030 |
| 1 |
|
702 1 |
| f |
|
Викторов |
| b |
|
В. |
| 4 |
|
730 |
| 464 |
Аналитический уровень |
_0 |
| 1 |
|
2001 |
| a |
|
Гусята |
| e |
|
Первые снежинки на землю летят... |
| e |
|
нем. песня |
| 1 |
|
702 1 |
| a |
|
Попатенко |
| b |
|
Т. |
| 4 |
|
030 |
| 1 |
|
702 1 |
| f |
|
Кузнецова |
| b |
|
А. |
| 4 |
|
730 |
| 464 |
Аналитический уровень |
_0 |
| 1 |
|
2001 |
| a |
|
Кукушка |
| e |
|
Зовет зверей кукушка... |
| e |
|
эст. дет. песня |
| e |
|
канон |
| 1 |
|
702 1 |
| a |
|
Татаринов |
| b |
|
В. |
| 4 |
|
730 |
| 464 |
Аналитический уровень |
_0 |
| 1 |
|
2001 |
| a |
|
Раз, два, три, четыре, пять |
| e |
|
Раз, два, три, четыре, пять... |
| e |
|
чеш. нар. песня |
| 1 |
|
702 1 |
| a |
|
Бойко |
| b |
|
Р. |
| 4 |
|
030 |
| 1 |
|
702 1 |
| a |
|
Машистов |
| b |
|
А. |
| 4 |
|
730 |
| 464 |
Аналитический уровень |
_0 |
| 1 |
|
2001 |
| a |
|
Про котят |
| e |
|
Забыли котятки... |
| e |
|
англ. нар. песня |
| 1 |
|
702 1 |
| a |
|
Моффит |
| b |
|
А. |
| 4 |
|
030 |
| 1 |
|
702 1 |
| a |
|
Хазанов |
| b |
|
Ю. |
| 4 |
|
730 |
| 464 |
Аналитический уровень |
_0 |
| 1 |
|
2001 |
| a |
|
Добрый мельник |
| e |
|
Есть у мельника три сына... |
| e |
|
литов. нар. песня |
| 1 |
|
702 1 |
| a |
|
Рождественский |
| b |
|
В. |
| 4 |
|
730 |
| 1 |
|
702 1 |
| a |
|
Найденова |
| b |
|
Н. |
| 4 |
|
730 |
| 464 |
Аналитический уровень |
_0 |
| 1 |
|
2001 |
| a |
|
Птичий ужин |
| e |
|
Птички-синички птиц созывали... |
| e |
|
литов. нар. песня |
| 1 |
|
702 1 |
| a |
|
Попатенко |
| b |
|
Т. |
| 4 |
|
030 |
| 1 |
|
702 1 |
| a |
|
Найденова |
| b |
|
Н. |
| 4 |
|
730 |
| 464 |
Аналитический уровень |
_0 |
| 1 |
|
2001 |
| a |
|
Охотничья шуточная |
| e |
|
Вышел зайка в поле погулять... |
| e |
|
пол. нар. песня |
| 1 |
|
702 1 |
| a |
|
Феркельман |
| b |
|
М. |
| 4 |
|
030 |
| 1 |
|
702 1 |
| a |
|
Добржанская |
| b |
|
Н. |
| 4 |
|
730 |
| 464 |
Аналитический уровень |
_0 |
| 1 |
|
2001 |
| a |
|
Пастушка |
| e |
|
Жила-была пастушка... |
| e |
|
фр. нар. песня |
| 1 |
|
702 1 |
| a |
|
Векерлен |
| b |
|
Ж. |
| 4 |
|
030 |
| 1 |
|
702 1 |
| a |
|
Сикорская |
| b |
|
Т. |
| 4 |
|
730 |
| 464 |
Аналитический уровень |
_0 |
| 1 |
|
2001 |
| a |
|
Песня о пограничнике |
| e |
|
Лес дремучий снегами покрыт... |
| 1 |
|
700 1 |
| a |
|
Бугославский |
| b |
|
С. |
| 1 |
|
702 1 |
| a |
|
Высотская |
| b |
|
О. |
| 4 |
|
520 |
| 464 |
Аналитический уровень |
_0 |
| 1 |
|
2001 |
| a |
|
Воздушная песня |
| e |
|
Колокольчик золотистый... |
| 1 |
|
700 1 |
| a |
|
Старокадомский |
| b |
|
М. |
| 1 |
|
702 1 |
| a |
|
Долматовский |
| b |
|
Е. |
| 4 |
|
520 |
| 464 |
Аналитический уровень |
_0 |
| 1 |
|
2001 |
| a |
|
Мамина песенка |
| e |
|
Если в небе туча хмурится... |
| 1 |
|
700 1 |
| a |
|
Парцхаладзе |
| b |
|
М. |
| 1 |
|
702 1 |
| a |
|
Пляцковский |
| b |
|
М. |
| 4 |
|
520 |
| 464 |
Аналитический уровень |
_0 |
| 1 |
|
2001 |
| a |
|
Колыбельная |
| e |
|
Котенька, коток, котя серенький хвосток... |
| 1 |
|
700 1 |
| a |
|
Лядов |
| b |
|
А. |
| 1 |
|
702 1 |
| a |
|
Слова народные |
| 4 |
|
520 |
| 464 |
Аналитический уровень |
_0 |
| 1 |
|
2001 |
| a |
|
Метель |
| e |
|
Разыграйтеся, метели... |
| 1 |
|
700 1 |
| a |
|
Потоловский |
| b |
|
Н. |
| 1 |
|
702 1 |
| a |
|
Новиков |
| b |
|
Н. |
| 4 |
|
520 |
| 464 |
Аналитический уровень |
_0 |
| 1 |
|
2001 |
| a |
|
Киска |
| e |
|
Идет кисанька из кухни... |
| 1 |
|
700 1 |
| a |
|
Калинников |
| b |
|
В. |
| 1 |
|
702 1 |
| a |
|
Слова народные |
| 4 |
|
520 |
| 464 |
Аналитический уровень |
_0 |
| 1 |
|
2001 |
| a |
|
Песня о Ленине |
| e |
|
Чей портрет мы видим дома... |
| e |
|
башк. дет. песня |
| 1 |
|
700 1 |
| a |
|
Заимов |
| b |
|
Х. |
| 1 |
|
702 1 |
| a |
|
Некрасова |
| b |
|
Л. |
| 464 |
Аналитический уровень |
_0 |
| 1 |
|
2001 |
| a |
|
Ленин и весна |
| e |
|
Был апрель в Симбирске-городке... |
| 1 |
|
700 1 |
| a |
|
Бирнов |
| b |
|
Л. |
| 1 |
|
702 1 |
| a |
|
Викторов |
| b |
|
В. |
| 4 |
|
520 |
| 464 |
Аналитический уровень |
_0 |
| 1 |
|
2001 |
| a |
|
Звезды Кремля |
| e |
|
Город спит, погасло солнце... |
| 1 |
|
700 1 |
| a |
|
Красев |
| b |
|
М. |
| 1 |
|
702 1 |
| a |
|
Френкель |
| b |
|
Н. |
| 4 |
|
520 |
| 464 |
Аналитический уровень |
_0 |
| 1 |
|
2001 |
| a |
|
Октябрьская песенка |
| e |
|
Какое небо синее... |
| 1 |
|
700 1 |
| a |
|
Красев |
| b |
|
М. |
| 1 |
|
702 1 |
| a |
|
Саконская |
| b |
|
Н. |
| 4 |
|
520 |
| 464 |
Аналитический уровень |
_0 |
| 1 |
|
2001 |
| a |
|
Счастливый день |
| e |
|
Мы солнышку велели... |
| 1 |
|
700 1 |
| a |
|
Красев |
| b |
|
М. |
| 1 |
|
702 1 |
| a |
|
Ивенсен |
| b |
|
М. |
| 4 |
|
520 |
| 464 |
Аналитический уровень |
_0 |
| 1 |
|
2001 |
| a |
|
Первомайская песня |
| e |
|
Дружно в ногу всем отрядом... |
| 1 |
|
700 1 |
| a |
|
Красев |
| b |
|
М. |
| 1 |
|
702 1 |
| a |
|
Красев |
| b |
|
М. |
| 4 |
|
520 |
| 464 |
Аналитический уровень |
_0 |
| 1 |
|
2001 |
| a |
|
Капельки |
| e |
|
Дождик льет на улице |
| 1 |
|
700 1 |
| a |
|
Павленко |
| b |
|
В. |
| 1 |
|
702 1 |
| a |
|
Богданова |
| b |
|
Э. |
| 4 |
|
520 |
| 464 |
Аналитический уровень |
_0 |
| 1 |
|
2001 |
| a |
|
Октябрятская походная |
| e |
|
Досвиданья, короткий привал!.. |
| 1 |
|
700 1 |
| a |
|
Бойко |
| b |
|
Р. |
| 1 |
|
702 1 |
| a |
|
Бедарев |
| b |
|
О. |
| 4 |
|
520 |
| 464 |
Аналитический уровень |
_0 |
| 1 |
|
2001 |
| a |
|
Проводы зимы |
| e |
|
Раным-рано петухи у нас запели... |
| 1 |
|
700 1 |
| a |
|
Римский-Корсаков |
| b |
|
Н. |
| 1 |
|
702 1 |
| a |
|
Устюжанин |
| b |
|
И. |
| 4 |
|
520 |
| 464 |
Аналитический уровень |
_0 |
| 1 |
|
2001 |
| a |
|
Петрушка |
| e |
|
Дили, дили, динь! Пришел Петрушка |
| 1 |
|
700 1 |
| a |
|
Брамс |
| b |
|
И. |
| 464 |
Аналитический уровень |
_0 |
| 1 |
|
2001 |
| a |
|
Наш край |
| e |
|
То березка, то рябина... |
| 1 |
|
700 1 |
| a |
|
Кабалевский |
| b |
|
Д. |
| 1 |
|
702 1 |
| a |
|
Пришелец |
| b |
|
А. |
| 4 |
|
520 |
| 464 |
Аналитический уровень |
_0 |
| 1 |
|
2001 |
| a |
|
Звездочка |
| e |
|
Вчера мы вступили в семью октябрят... |
| 1 |
|
700 1 |
| a |
|
Кабалевский |
| b |
|
Д. |
| 1 |
|
702 1 |
| a |
|
Викторов |
| b |
|
В. |
| 4 |
|
520 |
| 464 |
Аналитический уровень |
_0 |
| 1 |
|
2001 |
| a |
|
Пионерское звено |
| e |
|
Есть песенка любимая... |
| 1 |
|
700 1 |
| a |
|
Кабалевский |
| b |
|
Д. |
| 1 |
|
702 1 |
| a |
|
Высотская |
| b |
|
О. |
| 4 |
|
520 |
| 464 |
Аналитический уровень |
_0 |
| 1 |
|
2001 |
| a |
|
Про Петю |
| e |
|
У реки, у речки... |
| e |
|
пионер. частушки |
| 1 |
|
700 1 |
| a |
|
Кабалевский |
| b |
|
Д. |
| 1 |
|
702 1 |
| a |
|
Галь |
| b |
|
Н. |
| 4 |
|
520 |
| 464 |
Аналитический уровень |
_0 |
| 1 |
|
2001 |
| a |
|
Октябренок - Ленина внук |
| e |
|
Хочешь шагать по жизни ты... |
| 1 |
|
700 1 |
| a |
|
Попатенко |
| b |
|
Т. |
| 1 |
|
702 1 |
| a |
|
Ермолаев |
| b |
|
Ю. |
| 4 |
|
520 |
| 1 |
|
702 1 |
| a |
|
Коркин |
| b |
|
В. |
| 4 |
|
520 |
| 464 |
Аналитический уровень |
_0 |
| 1 |
|
2001 |
| a |
|
Знакомый дом |
| e |
|
Мы приходим в этот дом... |
| 1 |
|
700 1 |
| a |
|
Попатенко |
| b |
|
Т. |
| 1 |
|
702 1 |
| a |
|
Викторов |
| b |
|
В. |
| 4 |
|
520 |
| 464 |
Аналитический уровень |
_0 |
| 1 |
|
2001 |
| a |
|
Песенка про чибиса |
| e |
|
У дороги чибис... |
| 1 |
|
700 1 |
| a |
|
Иорданский |
| b |
|
М. |
| 1 |
|
702 1 |
| a |
|
Пришелец |
| b |
|
А. |
| 4 |
|
520 |
| 464 |
Аналитический уровень |
_0 |
| 1 |
|
2001 |
| a |
|
Сеяли девушки яровой хмель |
| e |
|
Сеяли девушки яровой хмель... |
| e |
|
рус. нар. песня |
| 1 |
|
702 1 |
| a |
|
Лядов |
| b |
|
А. |
| 4 |
|
030 |
| 464 |
Аналитический уровень |
_0 |
| 1 |
|
2001 |
| a |
|
Земелюшка-чернозем |
| e |
|
Земелюшка-чернозем... |
| e |
|
рус. нар. песня |
| 1 |
|
702 1 |
| a |
|
Лядов |
| b |
|
А. |
| 4 |
|
030 |
| 464 |
Аналитический уровень |
_0 |
| 1 |
|
2001 |
| a |
|
У меня ль во садочке |
| e |
|
У меня ль во садочке... |
| e |
|
рус. нар. песня |
| 1 |
|
702 1 |
| a |
|
Римский-Корсаков |
| b |
|
Н. |
| 4 |
|
030 |
| 464 |
Аналитический уровень |
_0 |
| 1 |
|
2001 |
| a |
|
Как пошли наши подружки |
| e |
|
Как пошли наши подружки... |
| e |
|
рус. нар. песня |
| 464 |
Аналитический уровень |
_0 |
| 1 |
|
2001 |
| a |
|
Как у наших у ворот |
| e |
|
Как у наших у ворот... |
| e |
|
рус. нар. песня |
| 464 |
Аналитический уровень |
_0 |
| 1 |
|
2001 |
| a |
|
Посею лебеду на берегу |
| e |
|
Посею лебеду на берегу... |
| e |
|
рус. нар. песня |
| 464 |
Аналитический уровень |
_0 |
| 1 |
|
2001 |
| a |
|
Журавель |
| e |
|
Повадился журавель, журавель... |
| e |
|
укр. нар. песня |
| 464 |
Аналитический уровень |
_0 |
| 1 |
|
2001 |
| a |
|
Кадэ Руссель |
| e |
|
Кадэ Руссель богато жил... |
| e |
|
фр. нар. песня |
| 464 |
Аналитический уровень |
_0 |
| 1 |
|
2001 |
| a |
|
Кораблик и юнга |
| e |
|
Жил-был кораблик, ах, кораблик... |
| e |
|
фр. нар. песня |
| 464 |
Аналитический уровень |
_0 |
| 1 |
|
2001 |
| a |
|
Пастушья песня |
| e |
|
Слышишь песню у ворот?.. |
| e |
|
фр. нар. песня |
| 1 |
|
702 1 |
| a |
|
Колэ |
| 4 |
|
030 |
| 1 |
|
702 |
| a |
|
Сикорская |
| b |
|
Т. |
| 4 |
|
520 |
| 464 |
Аналитический уровень |
_0 |
| 1 |
|
2001 |
| a |
|
Моя мама |
| e |
|
Только просыпаюсь... |
| e |
|
кубин. нар. песня |
| 1 |
|
702 1 |
| a |
|
Соснин |
| b |
|
С. |
| 4 |
|
030 |
| 1 |
|
702 |
| a |
|
Крючков |
| b |
|
В. |
| 4 |
|
730 |
| 464 |
Аналитический уровень |
_0 |
| 1 |
|
2001 |
| a |
|
Вот волынки заиграли |
| e |
|
Вот волынки заиграли... |
| e |
|
чеш. нар. песня |
| 1 |
|
702 1 |
| a |
|
Попатенко |
| b |
|
Т. |
| 4 |
|
030 |
| 1 |
|
702 |
| a |
|
Высотская |
| b |
|
О. |
| 4 |
|
730 |
| 464 |
Аналитический уровень |
_0 |
| 1 |
|
2001 |
| a |
|
На заре |
| e |
|
Ой, надо, надо... |
| e |
|
пол. нар. песня |
| 1 |
|
702 1 |
| a |
|
Иванников |
| b |
|
В. |
| 4 |
|
030 |
| 1 |
|
702 |
| a |
|
Кондратьев |
| b |
|
С. |
| 4 |
|
730 |
| 464 |
Аналитический уровень |
_0 |
| 1 |
|
2001 |
| a |
|
Прогулка с отцом |
| e |
|
Бежит дорожка дальняя... |
| e |
|
индонез. нар. песня |
| 1 |
|
702 1 |
| a |
|
Веврик |
| b |
|
Е. |
| 4 |
|
030 |
| 1 |
|
702 |
| a |
|
Шишко |
| b |
|
Л. |
| 4 |
|
730 |
| 464 |
Аналитический уровень |
_0 |
| 1 |
|
2001 |
| a |
|
Кукушка |
| e |
|
Кукушкой одинокой... |
| e |
|
швейц. нар. песня |
| 1 |
|
702 |
| a |
|
Манучарова |
| b |
|
Е. |
| 4 |
|
730 |
| 464 |
Аналитический уровень |
_0 |
| 1 |
|
2001 |
| a |
|
Осень |
| e |
|
Скучная картина! Тучи без конца... |
| 1 |
|
700 1 |
| a |
|
Чайковский |
| b |
|
П. |
| 1 |
|
702 1 |
| a |
|
Плещеев |
| b |
|
А. |
| 4 |
|
520 |
| 464 |
Аналитический уровень |
_0 |
| 1 |
|
2001 |
| a |
|
Детская песенка |
| e |
|
Мой Лизочек так уж мал... |
| 1 |
|
700 1 |
| a |
|
Чайковский |
| b |
|
П. |
| 1 |
|
702 1 |
| a |
|
Аксаков |
| b |
|
К. |
| 464 |
Аналитический уровень |
_0 |
| 1 |
|
2001 |
| a |
|
Ёлочка |
| e |
|
Ёлочку Дед Мороз... |
| 1 |
|
700 1 |
| a |
|
Гольденберг |
| b |
|
Н. |
| 1 |
|
702 1 |
| a |
|
Александрова |
| b |
|
З. |
| 464 |
Аналитический уровень |
_0 |
| 1 |
|
2001 |
| a |
|
Добрый жук |
| e |
|
Встаньте, дети, встаньте в круг... |
| e |
|
песенка-танец из кф. "Золушка" |
| 1 |
|
700 1 |
| a |
|
Спадавеккиа |
| b |
|
А. |
| 1 |
|
702 1 |
| a |
|
Шварц |
| b |
|
Е. |
| 4 |
|
520 |
| 1 |
|
50010 |
| a |
|
Золушка |
| 464 |
Аналитический уровень |
_0 |
| 1 |
|
2001 |
| a |
|
Стой, кто идет? |
| e |
|
Кусты - это роща... |
| 1 |
|
700 1 |
| a |
|
Соловьев-Седой |
| b |
|
В. |
| 1 |
|
702 1 |
| a |
|
Погореловский |
| b |
|
С. |
| 4 |
|
520 |
| 464 |
Аналитический уровень |
_0 |
| 1 |
|
2001 |
| a |
|
За рекою старый дом |
| e |
|
За рекою старый дом... |
| 1 |
|
700 1 |
| a |
|
Бах |
| b |
|
И. С. |
| 1 |
|
702 1 |
| a |
|
Тонский |
| b |
|
Д. |
| 4 |
|
520 |
| 464 |
Аналитический уровень |
_0 |
| 1 |
|
2001 |
| a |
|
Марш юных пионеров |
| e |
|
Взвейтесь кострами... |
| 1 |
|
700 1 |
| a |
|
Дешкин |
| b |
|
С. |
| 1 |
|
702 1 |
| a |
|
Жаров |
| b |
|
А. |
| 4 |
|
520 |
| 464 |
Аналитический уровень |
_0 |
| 1 |
|
2001 |
| a |
|
Зимний праздник |
| e |
|
Ясный день, замечательный воздух!.. |
| 1 |
|
700 1 |
| a |
|
Раухвергер |
| b |
|
М. |
| 1 |
|
702 1 |
| a |
|
Саконская |
| b |
|
Н. |
| 4 |
|
520 |
| 464 |
Аналитический уровень |
_0 |
| 1 |
|
2001 |
| a |
|
В лодке |
| e |
|
Золотым весенним днем... |
| 1 |
|
700 1 |
| a |
|
Раухвергер |
| b |
|
М. |
| 1 |
|
702 1 |
| a |
|
Высотская |
| b |
|
О. |
| 4 |
|
520 |
| 464 |
Аналитический уровень |
_0 |
| 1 |
|
2001 |
| a |
|
Летний вальс |
| e |
|
В лесу на опушке... |
| 1 |
|
700 1 |
| a |
|
Красев |
| b |
|
М. |
| 1 |
|
702 1 |
| a |
|
Саконская |
| b |
|
Н. |
| 4 |
|
520 |
| 464 |
Аналитический уровень |
_0 |
| 1 |
|
2001 |
| a |
|
Маме |
| e |
|
Мама любимая. епесенку слышишь?.. |
| 1 |
|
700 1 |
| a |
|
Гурьев |
| b |
|
Ю. |
| 1 |
|
702 1 |
| a |
|
Бехлер |
| b |
|
Г. |
| 4 |
|
520 |
| 1 |
|
702 1 |
| a |
|
Найденова |
| b |
|
Н. |
| 4 |
|
730 |
| 464 |
Аналитический уровень |
_0 |
| 1 |
|
2001 |
| a |
|
Нас недаром зовут пионерами |
| e |
|
Нас недаром зовут пионерами... |
| 1 |
|
700 1 |
| a |
|
Львов-Компанеец |
| b |
|
Д. |
| 1 |
|
702 1 |
| a |
|
Петрова |
| b |
|
З. |
| 4 |
|
520 |
| 512 |
Заглавие обложки |
1_ |
| a |
Заглавие обложки |
Пение в школе |
| 606 |
Тематические рубрики |
0_ |
| a |
Основная рубрика |
Учебно-педагогическая литература |
| x |
Основная подрубрика |
Младший школьный возраст |
| 610 |
Ключевые слова |
0_ |
| a |
Ключевые слова |
учебные пособия |
| 610 |
Ключевые слова |
0_ |
| a |
Ключевые слова |
младший школьный возраст |
| 686 |
Индексы других классификаций |
__ |
| a |
Классификационный индекс |
85.98(2)я71 |
| 2 |
Код системы |
rubbk |
| 801 |
Источник записи |
_0 |
| a |
Страна |
RU |
| b |
Организация |
Ульяновская ОНБ |
| c |
Дата составления |
20150520 |
| g |
Правила каталогизации |
RCR |
| 801 |
Источник записи |
_1 |
| a |
Страна |
RU |
| b |
Организация |
Ульяновская ОНБ |
| c |
Дата составления |
20150520 |
| g |
Правила каталогизации |
RCR |
| 901 |
Тип документа |
__ |
| t |
Тип документа |
n |
| w |
Контрольный № источника |
RU/IS/BASE/485434245 |
| 909 |
Создатель записи |
__ |
| a |
Создатель записи |
Никитина Т. А. |
| 938 |
Служебная информация |
__ |
| a |
Имя БД |
noti |
| b |
Имя библиотеки |
УОНБ |
| c |
Имя АИБС |
МАРК-SQL |
| d |
Номер DOC_ID в БД |
13262 |